The College Dropout songs in order - Statistics

General Stats
  • This quiz has been taken 74 times
  • The average score is 15 of 21
Answer Stats
Hint Answer % Correct
1 Intro
98%
2 We Dont Care
98%
4 All Falls Down
91%
6 Spaceship
87%
3 Graduation Day
83%
7 Jesus Walks
76%
5 I'll Fly Away
74%
11 The New Workout Plan
72%
12 Slow Jamz
70%
18 Two Words
70%
10 Workout Plan
70%
21 Last Call
67%
19 Through The Wire
67%
8 Never Let Me Down
65%
15 School Spirit
65%
20 Family Business
63%
9 Get Em High
63%
14 School Spirit Skit 1
61%
16 School Spirit Skit 2
61%
13 Breathe In Breathe Out
59%
17 Lil Jimmy Skit
57%
No matching quizzes found
Score Distribution
Percent of People with Each Score
Percentile by Number Answered
Your Score History
You have not taken this quiz